[Event "Stay Safe Play From Home 232"]
[Site "Emanuel Lasker Arena"]
[Date "2020.06.17"]
[Round "5"]
[White "Mepe_Nika"]
[Black "SoulofWolf"]
[Result "0-1"]
[WhiteElo "2345"]
[BlackElo "2147"]
[Annotator "TA"]
[PlyCount "164"]
[EventDate "2020.06.17"]
[EventType "swiss (blitz)"]

{[%evp 9,164,31,37,50,48,41,50,50,78,69,149,116,170,122,111,90,181,62,85,87,91,68,99,68,100,40,79,37,33,-34,28,-81,34,-55,97,0,54,48,67,29,83,61,87,68,84,81,165,158,395,114,293,296,289,136,132,93,109,92,164,170,164,139,140,95,127,116,153,124,126,124,185,177,204,177,391,381,425,402,422,430,422,422,459,457,467,465,460,421,566,562,831,823,713,603,609,566,612,501,668,591,732,681,702,647,690,686,661,0,642,0,666,653,691,691,702,702,609,262,262,262,262,248,308,226,226,139,815,801,5414,5414,5418,5281,4702,3295,2666,-5531,5110,29968,29987,29988,29989,29989,29990,29991,29997,29990,29990,29991,29991,29991,29991,29990,29993,29994,29994,29988,29991]} 1. d4 e6 2. Bf4 Ne7 3. e3 d6 4. h3 {[#]} Nd7 $146 ({Predecessor:} 4... Ng6 5. Bh2 Be7 6. Bd3 f5 7. Nf3 Nc6 8. c3 a6 9. Nbd2 b5 10. a3 O-O {½-½ (66) Berengeno Vierge,R (1680)-Menarguez Martinez,J (1946) Barcelona 2016}) 5. c4 Ng6 6. Bg3 {A40: Unusual replies to 1 d4.} Be7 7. Nc3 O-O 8. Nf3 {White is slightly better.} c6 9. Qc2 Rb8 (9... Nf6 $14) 10. Bd3 a6 (10... f5 $16) 11. c5 dxc5 12. Bxb8 Nxb8 (12... cxd4 $16 13. Nxd4 (13. exd4 Nxb8 14. h4 f5 $16) 13... Nxb8) 13. O-O (13. dxc5 $1 $18 {Hoping for h4.} Bxc5 14. h4) 13... Qc7 14. dxc5 Bxc5 15. Ne4 Ba7 16. Rac1 Nd7 17. Ng3 (17. Neg5 $16) 17... Nb6 18. Nd4 Nd5 19. Qe2 (19. Bxg6 $14 hxg6 20. Nge2) 19... Qd6 (19... f5 $15) 20. Bb1 (20. Bxg6 $11 hxg6 21. Ne4) 20... a5 (20... Nxe3 $1 $17 21. fxe3 Qxg3) 21. Nf3 ({Better is} 21. Bxg6 $14 hxg6 22. Rfd1) 21... Qe7 $2 (21... Nxe3 $1 $15 {keeps the upper hand.} 22. Ne4 Qf4) 22. Ne4 ({White should play} 22. Bxg6 $1 $16 hxg6 23. e4) 22... Nb4 (22... f5 $11) 23. a3 $36 {[%mdl 2048] White has good play.} Nd5 $1 24. Rfd1 Rd8 (24... f5 $11) 25. Nd4 Nc7 26. Qf3 Ne8 27. Qg3 Nf6 {[#]} (27... Bb6 $16) 28. Nxf6+ $1 $18 Qxf6 $2 {[#]} (28... gxf6 $16 {was worth a try.} 29. h4 Rd5) 29. Qf3 $2 (29. Nxc6 $1 $18 {[%mdl 512] has better winning chances.} bxc6 30. Qc7 {[%mdl 64] Double Attack}) 29... Bd7 $2 (29... Qe7 $16 {keeps fighting.} 30. Bc2 Bb8) 30. Qxf6 gxf6 31. Nf3 (31. Nb3 $18) 31... Kf8 $16 32. Kf1 Ke7 33. Rd2 (33. h4 {looks sharper.} h5 34. Bd3 e5 35. Be2 f5 36. Rc3) 33... Be8 (33... h5 $16 34. Kg1 Bb6) 34. Rxd8 $18 Kxd8 35. Rd1+ Ke7 36. h4 h5 37. g3 c5 38. Nd2 Bb5+ 39. Kg1 Ba4 (39... f5 $16) 40. Rc1 Bc6 41. Be4 Bd7 $2 (41... Bxe4 {might work better.} 42. Nxe4 b6) 42. Bxb7 Bb6 43. Be4 Ne5 44. Nc4 Nxc4 45. Rxc4 {[%mdl 4096] Endgame KRB-KB} f5 46. Bf3 Kd6 47. Bxh5 Bb5 48. Rc1 f6 49. Bf3 Bd7 50. Rd1+ Ke7 51. Be2 Bc7 52. Bc4 Be5 53. b3 Bb2 54. a4 Ba3 55. Be2 Bb4 56. Kg2 Bc6+ 57. Bf3 Be8 58. Be2 $2 (58. h5 $18) 58... Bf7 $2 {[%mdl 8192]} (58... Bc6+ $11 59. Bf3 Bxf3+ 60. Kxf3 Kf7 61. Rd7+ Kg6) 59. Bf3 $2 ({White should try} 59. h5 $18) 59... f4 $2 {[%mdl 8192]} (59... Be8 $11 60. h5 c4) 60. h5 fxg3 61. fxg3 f5 62. h6 Bg6 63. h7 (63. Bc6 $142) 63... Bxh7 64. Rh1 Bg8 65. Rh8 Bf7 66. Rh7 {Strongly threatening Bh5.} Kf6 67. Bh5 Bg6 $2 {[%mdl 8192]} (67... Bg8 $16 68. Rh6+ Kg7 69. Rg6+ Kh7) 68. Rh6 Kg5 69. Rxg6+ {[%mdl 64] Double Attack} Kxh5 70. Rxe6 {KR-KB} Kg5 71. Rb6 Bc3 72. Rb4 $4 {[%mdl 8192]} (72. Rb5 $18 Bb4 73. Kf3) 72... Bd4 $4 {[%mdl 8192]} (72... cxb4 $19 73. Kf3 Be1) 73. exd4 cxd4 {White mates.} 74. Rxd4 {KR-KPP} f4 75. Rd5+ Kg4 76. Rxa5 {KR-KP} f3+ 77. Kg1 Kxg3 78. Kf1 f2 79. Rb5 Kf4 80. Rb4+ Ke3 81. Rc4 Kd2 {[#]} 82. Rc2+ $3 Kd3 {[%mdl 32768] Accuracy: White = 50%, Black = 32%. . Sensor Board Error (Ke4/e5)?} (82... Kxc2 83. a5) 0-1

[Event "Stay Safe Play From Home 232"]
[Site "Emanuel Lasker Arena"]
[Date "2020.06.17"]
[Round "5"]
[White "Lamborghini"]
[Black "Broken sword"]
[Result "0-1"]
[WhiteElo "2253"]
[BlackElo "2457"]
[Annotator "TA"]
[PlyCount "98"]
[EventDate "2020.06.17"]
[EventType "swiss (blitz)"]

{[%evp 9,98,22,91,94,108,98,118,88,79,77,80,80,63,62,98,28,74,63,191,69,183,56,38,48,37,6,40,21,73,-17,-20,-23,-18,-98,-16,-25,0,0,0,-17,-4,-14,-6,-43,0,-10,-19,-25,4,6,30,0,60,26,19,20,75,-25,-14,-15,-14,-30,-38,-41,-17,-21,-17,-18,-11,-62,-8,-8,-8,-8,0,-2,-1,-3,0,0,0,0,0,0,0,0,0,0,0,0,0]} 1. e4 c5 2. Nf3 e6 3. d4 cxd4 4. Nxd4 Nc6 5. Nc3 d5 (5... Nf6 $11) 6. exd5 {B45: Sicilian Four Knights.} exd5 7. Bb5 Bd7 8. O-O {White is better.} Nf6 9. Re1+ Be7 10. Bxc6 bxc6 11. Qe2 c5 12. Nb3 {[#]} (12. Bf4 $16 {Hoping for Bd6.} Kf8 13. Nf3) 12... Rc8 $146 ({Predecessor:} 12... Be6 13. Bg5 d4 14. Bxf6 Bxf6 15. Ne4 O-O 16. Nxf6+ Qxf6 17. Nxc5 Bf5 18. Ne4 Qg6 {½-½ (74) Lee,R-Pichler,A Dos Hermanas 2004}) 13. Bg5 Kf8 (13... Bg4 $14 14. Qa6 O-O) 14. Rad1 (14. Bxf6 $1 $18 Bxf6 15. Nxd5) 14... Be6 {[#]} (14... d4 $1 $14) 15. Nd2 (15. Nxd5 $1 $18 {[%mdl 512]} Bxd5 16. c4) 15... h6 16. Bxf6 Bxf6 17. Nf3 Bxc3 18. bxc3 g6 (18... Qf6 $11) 19. Ne5 (19. c4 $16 d4 20. c3) 19... Kg7 $11 20. f4 Qf6 21. h3 (21. Qe3 $11 {remains equal.}) 21... Rhe8 ({Black should play} 21... Qxf4 $17 22. Nd3 Qg3 23. Qe5+ Qxe5 24. Rxe5 Rhd8) 22. Rf1 Rcd8 23. Qf2 Rc8 24. Kh2 h5 25. a3 Red8 26. Rde1 Re8 27. Re2 Bf5 28. Rfe1 Rcd8 29. Qxc5 {And now Ng4 would win.} Rc8 (29... Qb6 $5 {[%cal Rb6c5]} 30. Qxb6 axb6 $11) 30. Qd4 Be6 (30... Re7 $11) 31. g4 hxg4 32. hxg4 {Kg3 is the strong threat.} Qh4+ (32... Rh8+ $11 33. Kg1 Rh4) 33. Kg1 (33. Kg2 $16 {Black must now prevent Rh1.} Rh8 34. Nf3+ Qf6 35. Ng5) 33... Qg3+ 34. Kf1 {aiming for Re3.} Qxc3 35. Qxc3 Rxc3 36. Nxg6 $1 {[%mdl 64] Decoy} Kxg6 37. f5+ Kf6 38. fxe6 fxe6 {[%mdl 4096] Endgame KRR-KRR} 39. Rf2+ (39. g5+ $11 Kxg5 40. Rxe6 Rxe6 41. Rxe6) 39... Kg6 ({Black should try} 39... Ke7 $15) 40. Re5 {The position is equal.} Rg3 41. Rf4 Re7 42. Kf2 Rxa3 43. g5 Ra2 44. Rf6+ Kg7 45. Rfxe6 Rxc2+ 46. Kf3 Rc3+ 47. Kg4 Rc4+ 48. Kh5 Rxe6 49. Rxe6 d4 {[%mdl 32768] Accuracy: White = 59%, Black = 54%. . Loss on time!?} 0-1

[Event "Stay Safe Play From Home 232"]
[Site "Emanuel Lasker Arena"]
[Date "2020.06.17"]
[Round "5"]
[White "Don59as"]
[Black "Lazieri3"]
[Result "0-1"]
[WhiteElo "2106"]
[BlackElo "2066"]
[Annotator "NA RC"]
[PlyCount "110"]
[EventDate "2020.06.17"]
[EventType "swiss (blitz)"]

1. c4 {[%emt 0:00:02]} c6 {[%emt 0:00:00]} 2. Nc3 {[%emt 0:00:01]} d5 {[%emt 0:00:00]} 3. e3 {[%emt 0:00:00]} Nf6 {[%emt 0:00:01]} 4. b3 {[%emt 0:00:00]} Bg4 {[%emt 0:00:01]} 5. Be2 {[%emt 0:00:01]} Bxe2 {[%emt 0:00:00]} 6. Ngxe2 {[%emt 0:00:00]} e6 {[%emt 0:00:00]} 7. d4 {[%emt 0:00:01]} Bd6 {[%emt 0:00:01]} 8. O-O {[%emt 0:00:01]} Qe7 {[%emt 0:00:00]} 9. f4 {[%emt 0:00:01]} Nbd7 {[%emt 0:00:01]} 10. Bb2 {[%emt 0:00:01]} Ba3 {[%emt 0:00:01]} 11. Qc2 {[%emt 0:00:02]} Bxb2 {[%emt 0:00:01]} 12. Qxb2 {[%emt 0:00:00]} O-O {[%emt 0:00:01]} 13. e4 {[%emt 0:00:00]} dxe4 {[%emt 0:00:01]} 14. Ng3 {[%emt 0:00:01]} Rad8 {[%emt 0:00:04]} 15. Ncxe4 {[%emt 0:00:01]} Nxe4 {[%emt 0:00:00]} 16. Nxe4 {[%emt 0:00:00]} Nf6 {[%emt 0:00:00]} 17. Ng5 {[%emt 0:00:01]} h6 {[%emt 0:00:01]} 18. Nf3 {[%emt 0:00:01]} c5 {[%emt 0:00:03]} 19. Rad1 {[%emt 0:00:00]} cxd4 {[%emt 0:00:01]} 20. Nxd4 {[%emt 0:00:02]} Qc5 {[%emt 0:00:03]} 21. Kh1 {[%emt 0:00:01]} Rd7 {[%emt 0:00:01]} 22. h3 {[%emt 0:00:01]} Rfd8 {[%emt 0:00:01]} 23. Nxe6 {[%emt 0:00:11]} fxe6 {[%emt 0:00:04]} 24. Rxd7 {[%emt 0:00:01]} Rxd7 {[%emt 0:00:00]} 25. Re1 {[%emt 0:00:03]} Qd4 {[%emt 0:00:02]} 26. Qxd4 {[%emt 0:00:02]} Rxd4 {[%emt 0:00:00]} 27. Rxe6 {[%emt 0:00:01]} Kf7 {[%emt 0:00:03]} 28. f5 {[%emt 0:00:02]} h5 {[%emt 0:00:03]} 29. Re5 {[%emt 0:00:02]} h4 {[%emt 0:00:03]} 30. Rb5 {[%emt 0:00:02]} b6 {[%emt 0:00:01]} 31. c5 {[%emt 0:00:02]} Nh5 {[%emt 0:00:03]} 32. Kg1 {[%emt 0:00:01]} Rd2 {[%emt 0:00:02]} 33. Kf1 {[%emt 0:00:05]} Ng3+ {[%emt 0:00:02]} 34. Ke1 {[%emt 0:00:00]} Rxa2 {[%emt 0:00:04]} 35. cxb6 {[%emt 0:00:01]} axb6 {[%emt 0:00:00]} 36. Rxb6 {[%emt 0:00:00]} Rxg2 {[%emt 0:00:01]} 37. Rb7+ {[%emt 0:00:00]} Kf6 {[%emt 0:00:01]} 38. Rb6+ {[%emt 0:00:02]} Kxf5 {[%emt 0:00:01]} 39. Rb7 {[%emt 0:00:00]} g5 {[%emt 0:00:01]} 40. b4 {[%emt 0:00:00]} Rb2 {[%emt 0:00:01]} 41. b5 {[%emt 0:00:00]} Kf4 {[%emt 0:00:01]} 42. b6 {[%emt 0:00:00]} Nf5 {[%emt 0:00:00]} 43. Rf7 {[%emt 0:00:00]} Ke4 {[%emt 0:00:01]} 44. Re7+ {[%emt 0:00:02]} Kf3 {[%emt 0:00:01]} 45. Rf7 {[%emt 0:00:01]} Kf4 {[%emt 0:00:01]} 46. Kd1 {[%emt 0:00:00]} Rb1+ {[%emt 0:00:00]} 47. Kc2 {[%emt 0:00:01]} Rxb6 {[%emt 0:00:00]} 48. Kc3 {[%emt 0:00:00]} Re6 {[%emt 0:00:00]} 49. Kc4 {[%emt 0:00:00]} Re3 {[%emt 0:00:00]} 50. Kd5 {[%emt 0:00:00]} Rxh3 {[%emt 0:00:00]} 51. Rxf5+ {[%emt 0:00:00]} Kg3 {[%emt 0:00:00]} 52. Rxg5+ {[%emt 0:00:01]} Kh2 {[%emt 0:00:00]} 53. Rh5 {[%emt 0:00:00]} Rg3 {[%emt 0:00:00]} 54. Ke4 {[%emt 0:00:00]} Kg2 {[%emt 0:00:00]} 55. Kf4 {[%emt 0:00:01]} Rg4+ {[%emt 0:00:00] Time (Lag: Av=0.53s, max=4.5s)} 0-1

[Event "Stay Safe Play From Home 232"]
[Site "Emanuel Lasker Arena"]
[Date "2020.06.17"]
[Round "5"]
[White "Bardellosport"]
[Black "Fischer_11"]
[Result "1-0"]
[WhiteElo "2082"]
[BlackElo "2050"]
[Annotator "NA RC"]
[PlyCount "57"]
[EventDate "2020.06.17"]
[EventType "swiss (blitz)"]

1. d4 {[%emt 0:00:01]} e6 {[%emt 0:00:01]} 2. e3 {[%emt 0:00:00]} d5 {[%emt 0:00:01]} 3. f4 {[%emt 0:00:00]} c5 {[%emt 0:00:00]} 4. Nf3 {[%emt 0:00:00]} Nc6 {[%emt 0:00:01]} 5. c3 {[%emt 0:00:00]} Nf6 {[%emt 0:00:00]} 6. Bd3 {[%emt 0:00:01]} g6 {[%emt 0:00:00]} 7. Qe2 {[%emt 0:00:00]} Bg7 {[%emt 0:00:00]} 8. Nbd2 {[%emt 0:00:00]} O-O {[%emt 0:00:00]} 9. O-O {[%emt 0:00:01]} c4 {[%emt 0:00:00]} 10. Bc2 {[%emt 0:00:01]} b5 {[%emt 0:00:00]} 11. Ne5 {[%emt 0:00:01]} a5 {[%emt 0:00:00]} 12. Nxc6 {[%emt 0:00:01]} Qb6 {[%emt 0:00:01]} 13. Ne5 {[%emt 0:00:00]} b4 {[%emt 0:00:01]} 14. e4 {[%emt 0:00:01]} bxc3 {[%emt 0:00:02]} 15. bxc3 {[%emt 0:00:01]} a4 {[%emt 0:00:01]} 16. Ba3 {[%emt 0:00:01]} Re8 {[%emt 0:00:02]} 17. Rfb1 {[%emt 0:00:01]} Qa5 {[%emt 0:00:02]} 18. Bb4 {[%emt 0:00:02]} Qa6 {[%emt 0:00:01]} 19. a3 {[%emt 0:00:00]} Rb8 {[%emt 0:00:01]} 20. g4 {[%emt 0:00:01]} h5 {[%emt 0:00:05]} 21. gxh5 {[%emt 0:00:01]} Nxh5 {[%emt 0:00:01]} 22. f5 {[%emt 0:00:01]} exf5 {[%emt 0:00:02]} 23. exf5 {[%emt 0:00:00]} f6 {[%emt 0:00:05]} 24. fxg6 {[%emt 0:00:02]} fxe5 {[%emt 0:00:02]} 25. Qxh5 {[%emt 0:00:01]} e4 {[%emt 0:00:05]} 26. Rf1 {[%emt 0:00:02]} Qxg6+ {[%emt 0:00:13]} 27. Qxg6 {[%emt 0:00:01]} Rb7 {[%emt 0:00:00]} 28. Qxe8+ {[%emt 0:00:01]} Kh7 {[%emt 0:00:01]} 29. Qxc8 {[%emt 0:00:02] Fischer_11 gibt auf (Lag: Av=0.28s, max=0.7s)} 1-0

[Event "Stay Safe Play From Home 232"]
[Site "Emanuel Lasker Arena"]
[Date "2020.06.17"]
[Round "5"]
[White "Haxhi Baha"]
[Black "Position"]
[Result "0-1"]
[WhiteElo "2029"]
[BlackElo "1965"]
[Annotator "TA"]
[PlyCount "80"]
[EventDate "2020.06.17"]
[EventType "swiss (blitz)"]

{[%evp 13,80,32,60,42,80,106,75,64,89,84,126,88,190,129,133,133,129,110,141,96,308,172,175,185,187,168,190,145,164,106,121,101,108,101,715,96,83,54,73,22,29,23,25,38,183,181,189,182,133,0,0,0,0,0,0,0,0,0,0,0,453,448,441,412,529,512,561,556,443]} 1. e4 c5 2. Nf3 d6 3. d4 cxd4 4. Nxd4 a6 5. Nc3 Nf6 6. f4 e6 7. Qf3 Be7 8. g4 {B82: Sicilian Scheveningen: 6 f4.} Qc7 9. g5 Nfd7 10. Be3 {White is better.} Nc6 11. O-O-O Nc5 12. Kb1 {[#]} Na7 $146 (12... b5 $16) ({Predecessor:} 12... b5 13. a3 Bb7 14. Bg2 Rc8 15. Qf2 Na5 16. Rhf1 O-O 17. f5 e5 18. Nde2 f6 19. g6 hxg6 20. fxg6 Nxe4 21. Qh4 {1-0 (21) Azaiez,F (2087)-Meftahi,H (1994) Borj Cedria 2014}) 13. Bd3 ({White should try} 13. f5 $18) 13... Bd7 14. a3 O-O-O 15. Qf2 Nc6 16. f5 e5 $2 (16... Ne5 $16) 17. Nxc6 (17. Nb3 $142) 17... Bxc6 $18 18. f6 $36 {[%mdl 2048] White is really pushing.} gxf6 19. gxf6 Bf8 20. Rhg1 Kb8 {[#]} 21. Rg3 (21. b4 $1 $18 {[%cal Rb4c5]} Nxd3 22. Rxd3) 21... Rc8 22. Rdg1 Nxd3 23. cxd3 Bd7 $2 {[%mdl 8192]} (23... Qd7 $16) 24. Rg8 $2 (24. Nd5 $18 {is more deadly.} Qa5 25. Ba7+ Ka8 26. Rg8 Rxg8 27. Rxg8) 24... Rxg8 $16 25. Rxg8 {[#] Threatens to win with Nd5.} Be6 26. Bb6 ({Better is} 26. Na4 $16 {Strongly threatening Ba7+.} Re8 27. Nb6) 26... Qc6 $11 27. Ba7+ Ka8 28. Be3 d5 (28... Kb8 $14) 29. exd5 $18 Bxd5 30. Nxd5 Qxd5 31. Bh6 (31. Qf5 $16 {[%cal Rf5c8]} Re8 32. Qxh7) 31... Qxd3+ $11 32. Ka1 Qd1+ 33. Ka2 Qd5+ 34. Ka1 Qd1+ 35. Ka2 Qd5+ 36. b3 Qe4 $2 {[%mdl 8192]} (36... Qd6 $11 {and Black has nothing to worry.} 37. Qb2 e4) 37. Rxf8 $18 Rxf8 38. Bxf8 Qd3 39. Bc5 e4 40. Bb6 Qd6 {[%mdl 32768] Accuracy: White = 57%, Black = 44%. . Loss on time!?} 0-1

[Event "Stay Safe Play From Home 232"]
[Site "Emanuel Lasker Arena"]
[Date "2020.06.17"]
[Round "5"]
[White "Emresenar"]
[Black "Trotsky"]
[Result "1-0"]
[WhiteElo "1815"]
[BlackElo "1451"]
[Annotator "NA RC"]
[PlyCount "35"]
[EventDate "2020.06.17"]
[EventType "swiss (blitz)"]

1. e4 {[%emt 0:00:02]} c5 {[%emt 0:00:01]} 2. Nf3 {[%emt 0:00:00]} e6 {[%emt 0:00:00]} 3. Nc3 {[%emt 0:00:02]} d5 {[%emt 0:00:01]} 4. exd5 {[%emt 0:00:00]} exd5 {[%emt 0:00:01]} 5. d4 {[%emt 0:00:00]} c4 {[%emt 0:00:01]} 6. b3 {[%emt 0:00:01]} Be6 {[%emt 0:00:01]} 7. bxc4 {[%emt 0:00:01]} Nc6 {[%emt 0:00:01]} 8. cxd5 {[%emt 0:00:01]} Bxd5 {[%emt 0:00:01]} 9. Bb5 {[%emt 0:00:02]} Nf6 {[%emt 0:00:02]} 10. Nxd5 {[%emt 0:00:01]} Nxd5 {[%emt 0:00:02]} 11. Ne5 {[%emt 0:00:01]} Qc7 {[%emt 0:00:01]} 12. Bxc6+ {[%emt 0:00:02]} bxc6 {[%emt 0:00:01]} 13. O-O {[%emt 0:00:00]} Bd6 {[%emt 0:00:01]} 14. Re1 {[%emt 0:00:01]} O-O-O {[%emt 0:00:01]} 15. Bf4 {[%emt 0:00:02]} Nf6 {[%emt 0:00:01]} 16. Rb1 {[%emt 0:00:01]} h5 {[%emt 0:00:02]} 17. Qd3 {[%emt 0:00:01]} g5 {[%emt 0:00:01]} 18. Qa6+ {[%emt 0:00:01] Trotsky Ñäàåòñÿ (Lag: Av=0.59s, max=1.4s)} 1-0

[Event "Stay Safe Play From Home 232"]
[Site "Emanuel Lasker Arena"]
[Date "2020.06.17"]
[Round "5"]
[White "Grizzzly"]
[Black "Shyamph1980"]
[Result "1-0"]
[WhiteElo "1794"]
[BlackElo "1463"]
[Annotator "NA RC"]
[PlyCount "57"]
[EventDate "2020.06.17"]
[EventType "swiss (blitz)"]

1. d3 {[%emt 0:00:01]} e5 {[%emt 0:00:01]} 2. c4 {[%emt 0:00:00]} d6 {[%emt 0:00:01]} 3. Nf3 {[%emt 0:00:00]} b6 {[%emt 0:00:01]} 4. g3 {[%emt 0:00:00]} Bb7 {[%emt 0:00:00]} 5. Bg2 {[%emt 0:00:00]} Nf6 {[%emt 0:00:00]} 6. O-O {[%emt 0:00:00]} Be7 {[%emt 0:00:00]} 7. Nc3 {[%emt 0:00:00]} O-O {[%emt 0:00:01]} 8. Bg5 {[%emt 0:00:01]} Nbd7 {[%emt 0:00:01]} 9. e3 {[%emt 0:00:02]} Rc8 {[%emt 0:00:04]} 10. Qc2 {[%emt 0:00:00]} a6 {[%emt 0:00:02]} 11. d4 {[%emt 0:00:00]} exd4 {[%emt 0:00:01]} 12. exd4 {[%emt 0:00:01]} h6 {[%emt 0:00:03]} 13. Bf4 {[%emt 0:00:01]} Nh5 {[%emt 0:00:06]} 14. Be3 {[%emt 0:00:01]} Nhf6 {[%emt 0:00:02]} 15. Rfe1 {[%emt 0:00:01]} Ng4 {[%emt 0:00:01]} 16. Rad1 {[%emt 0:00:02]} Nxe3 {[%emt 0:00:02]} 17. Rxe3 {[%emt 0:00:00]} Bf6 {[%emt 0:00:00]} 18. Qe2 {[%emt 0:00:02]} Re8 {[%emt 0:00:01]} 19. Re1 {[%emt 0:00:00]} Rxe3 {[%emt 0:00:01]} 20. Qxe3 {[%emt 0:00:01]} Bg5 {[%emt 0:00:03]} 21. Qe2 {[%emt 0:00:02]} Bf6 {[%emt 0:00:02]} 22. Ne4 {[%emt 0:00:01]} Qf8 {[%emt 0:00:02]} 23. d5 {[%emt 0:00:02]} Be5 {[%emt 0:00:02]} 24. Nxe5 {[%emt 0:00:01]} Nxe5 {[%emt 0:00:01]} 25. Nc3 {[%emt 0:00:03]} Re8 {[%emt 0:00:02]} 26. f4 {[%emt 0:00:02]} Ng6 {[%emt 0:00:02]} 27. Qxe8 {[%emt 0:00:01]} Qxe8 {[%emt 0:00:01]} 28. Rxe8+ {[%emt 0:00:00]} Kh7 {[%emt 0:00:00]} 29. Be4 {[%emt 0:00:03] Shyamph1980 resigns (Lag: Av=0.59s, max=1.1s)} 1-0

[Event "Stay Safe Play From Home 232"]
[Site "Emanuel Lasker Arena"]
[Date "2020.06.17"]
[Round "5"]
[White "Tartak"]
[Black "Das opfer"]
[Result "1-0"]
[WhiteElo "1755"]
[BlackElo "1664"]
[Annotator "NA RC"]
[PlyCount "47"]
[EventDate "2020.06.17"]
[EventType "swiss (blitz)"]

1. e4 {[%emt 0:00:02]} c6 {[%emt 0:00:02]} 2. Nf3 {[%emt 0:00:01]} d5 {[%emt 0:00:01]} 3. exd5 {[%emt 0:00:01]} cxd5 {[%emt 0:00:01]} 4. d4 {[%emt 0:00:00]} Nc6 {[%emt 0:00:01]} 5. Bd3 {[%emt 0:00:01]} Nf6 {[%emt 0:00:01]} 6. b3 {[%emt 0:00:01]} e6 {[%emt 0:00:01]} 7. Bb2 {[%emt 0:00:01]} Bd6 {[%emt 0:00:01]} 8. Nbd2 {[%emt 0:00:01]} O-O {[%emt 0:00:01]} 9. O-O {[%emt 0:00:01]} Re8 {[%emt 0:00:01]} 10. Ne5 {[%emt 0:00:01]} Bd7 {[%emt 0:00:01]} 11. f4 {[%emt 0:00:01]} a6 {[%emt 0:00:01]} 12. Ndf3 {[%emt 0:00:02]} Rc8 {[%emt 0:00:01]} 13. Ng5 {[%emt 0:00:01]} b5 {[%emt 0:00:01]} 14. Ngxf7 {[%emt 0:00:02]} Qc7 {[%emt 0:00:03]} 15. Nxd6 {[%emt 0:00:01]} Qxd6 {[%emt 0:00:01]} 16. Rf3 {[%emt 0:00:02]} Ne4 {[%emt 0:00:01]} 17. Qe1 {[%emt 0:00:02]} Nxe5 {[%emt 0:00:03]} 18. fxe5 {[%emt 0:00:01]} Qc6 {[%emt 0:00:01]} 19. Rh3 {[%emt 0:00:02]} Rf8 {[%emt 0:00:02]} 20. Qh4 {[%emt 0:00:01]} h6 {[%emt 0:00:02]} 21. Qh5 {[%emt 0:00:06]} Rf7 {[%emt 0:00:01]} 22. Qg6 {[%emt 0:00:02]} Rcf8 {[%emt 0:00:01]} 23. Rxh6 {[%emt 0:00:02]} Qb7 {[%emt 0:00:02]} 24. Qh7# {[%emt 0:00:01] (Lag: Av=0.84s, max=1.3s)} 1-0

[Event "Stay Safe Play From Home 232"]
[Site "Emanuel Lasker Arena"]
[Date "2020.06.17"]
[Round "6"]
[White "Broken sword"]
[Black "SoulofWolf"]
[Result "1-0"]
[WhiteElo "2465"]
[BlackElo "2173"]
[Annotator "TA"]
[PlyCount "67"]
[EventDate "2020.06.17"]
[EventType "swiss (blitz)"]

{[%evp 10,67,64,75,75,83,285,21,62,48,41,17,22,26,63,42,64,52,58,34,35,23,135,118,175,156,298,121,119,108,224,107,98,73,74,66,66,71,113,79,182,183,254,208,211,153,208,210,241,225,243,239,1696,1671,3142,2427,29990,29991,29995,29992]} 1. e4 c6 2. d4 d5 3. Nc3 dxe4 4. Nxe4 Nd7 5. Ng5 Ndf6 6. N1f3 e6 {B17: Caro-Kann: Modern Line (4...Nd7).} 7. Bd3 h6 $2 {[#]} (7... Bd6 $16) 8. Ne4 $2 {[#]} (8. Nxf7 $1 $18 {[%mdl 512]} Bb4+ (8... Kxf7 9. Ne5+) 9. c3 Kxf7 10. Ne5+ (10. cxb4 Ne7 $18) 10... Ke8 11. Ng6) 8... Be7 $146 {The position is equal.} ({Predecessor:} 8... Nxe4 9. Bxe4 Nf6 10. Bd3 Bd6 11. O-O Qc7 12. Re1 g5 13. c4 Ng4 14. h3 Nf6 {½-½ (68) Machado,A (1662)-Almeida Silva,E (1779) Sao Paulo 2017}) 9. Qe2 Nxe4 10. Bxe4 Nf6 11. Bd3 Bd7 12. Bd2 Qc7 13. O-O-O O-O-O 14. c3 Bd6 15. Kb1 g5 (15... c5 $11 {remains equal.}) 16. c4 b6 (16... Kb8 $16 {was necessary.}) 17. Bc3 {And now c5! would win.} Kb8 {[#]} (17... Rhe8 $16 {was worth a try.} 18. Ne5 Rf8) 18. h3 (18. c5 $1 $18 {[%cal Rc5d6][%mdl 512] is the precise move to win.} Bf4 (18... bxc5 19. dxc5) 19. g3) 18... Rhe8 19. Rhe1 g4 {[#]} (19... Bc8 $16) 20. hxg4 (20. Ne5 $1 $18) 20... Nxg4 $16 21. Ne5 (21. b4 {keeps more tension.} Bc8 22. a4 Ba6 23. Qb2 Be7 24. g3) 21... Nxe5 22. dxe5 Bc5 23. f4 Rg8 24. Be4 Rg7 (24... Bc8 $16) 25. Bf3 $18 Rdg8 (25... Rgg8 {might work better.} 26. b4 Be7) 26. Rh1 Rg6 27. Be4 Rg3 (27... Rg4 $16 28. Bf3 (28. Rxh6 Rxf4 29. Rh7 a5 $16) 28... R4g6) 28. Rxh6 Bf8 29. Rhh1 Be7 30. Bf3 f5 $2 (30... Bc8 31. Rh7 R3g7 32. Rxg7 Rxg7) 31. exf6 Bc5 32. Rh7 Qc8 33. Rdxd7 b5 34. cxb5 {Accuracy: White = 63%, Black = 22%.} 1-0